| 000 | 00467nam a22001577a 4500 | ||
|---|---|---|---|
| 003 | PILC | ||
| 005 | 20191125073438.0 | ||
| 008 | 160213b xxu||||| |||| 00| 0 eng d | ||
| 050 |
_aB 1649.R9 _b.R895 |
||
| 100 | _aPanis, Ruben. | ||
| 245 |
_aRuben Panis : _ban autobiography / _cRuben Panis & Amelita Reysio-Cruz. |
||
| 260 | _aCalifornia. | ||
| 300 |
_a556 pages : _billustrations (some color) ; _c24 cm. |
||
| 600 |
_2Panis, Ruben (Designer) _91 |
||
| 942 |
_2lcc _cBK |
||
| 999 |
_c290506 _d290506 |
||